000 00417nam a2200169Ia 4500
008 230711s9999||||xx |||||||||||||| ||und||
041 _aENG
082 _a629.8
_bKU-A
100 _aKuo,Benjamin C
245 0 _aAutomatic control system
250 _a1st . Ed.
260 _c2003
_aNew York
_bJohn Wiley & Sons.Inc
300 _a609
650 _aElectrical Engineering
700 _aGolnaraghi,Farid
942 _cBK
999 _c4478
_d4478